Biblioteca y Centro de Documentación

Las uniones homosexuales en España una caracterización sociodemográfica a partir del censo de 2001 (Registro nro. 40962)

Detalles MARC
000 -CABECERA
Longitud fija campo de control 00864naa a2200241 c 4500
001 - NÚMERO DE CONTROL
Número de control 40962
003 - IDENTIFICADOR DE NÚMERO DE CONTROL
Identificador del número de control ES-MaCES
005 - FECHA Y HORA DE LA ÚLTIMA TRANSACCIÓN
Fecha y hora de la última transacción 20101124141700.0
008 - CAMPO FIJO DE DESCRIPCIÓN FIJA--INFORMACIÓN GENERAL
Códigos de información de longitud fija   101124n2010 sp d t 000 | spa d
035 ## - NÚMERO DE CONTROL DEL SISTEMA
Número de control del sistema CES20100013026v
040 ## - FUENTE DE CATALOGACIÓN
Centro catalogador de origen ES-MaCES
Lengua de catalogación spa
Centro transcriptor ES-MaCES
100 1# - ENCABEZAMIENTO PRINCIPAL--NOMBRE PERSONAL
Nombre de persona Cortina Trilla, Clara
9 (RLIN) 10045
245 14 - MENCIÓN DE TÍTULO
Título Las uniones homosexuales en España una caracterización sociodemográfica a partir del censo de 2001
Mención de responsabilidad, etc. Clara Cortina, Anna Cabré
500 ## - NOTA GENERAL
Nota general Resumen
650 #4 - ASIENTO SECUNDARIO DE MATERIA--TÉRMINO DE MATERIA
Término de materia o nombre geográfico como elemento inicial aspecto sociológico
9 (RLIN) 29077
650 #4 - ASIENTO SECUNDARIO DE MATERIA--TÉRMINO DE MATERIA
Término de materia o nombre geográfico como elemento inicial pareja de hecho
9 (RLIN) 31473
653 10 - TÉRMINO DE INDEXACIÓN--NO CONTROLADO
Término no controlado Ciencias Sociales-Políticas
700 1# - ENCABEZAMIENTO SECUNDARIO--NOMBRE PERSONAL
Nombre de persona Cabré Pla, Anna
9 (RLIN) 8619
773 0# - ENTRADA DE DOCUMENTO FUENTE
Título Papers
Parte(s) relacionada(s) vol. 95, n. 3 (jul.-set. 2010){10713 R. 077741}; p. 565-583
Número de control del registro relacionado (ES-MaCES)25713
Itemnumber del ítem fuente 69556
902 ## - CES. TIPO DE DOCUMENTO
Tipodoc (006$c Sirtex) ART Artículo de revista
942 ## - ELEMENTOS KOHA
Fuente de clasificaión o esquema Clasificación propia del CES
Koha [por defecto] tipo de item Artículos (1982-2017)
Parte de clasificación 7.0.

No hay ítems disponibles.

© CES, Consejo Económico y Social de España 2021